IBM SMALLTALK (Record no. 3110)

MARC details
000 -LEADER
fixed length control field 00366nam a2200157Ia 4500
008 - FIXED-LENGTH DATA ELEMENTS--GENERAL INFORMATION
fixed length control field 230312s9999||||xx |||||||||||||| ||und||
020 ## - INTERNATIONAL STANDARD BOOK NUMBER
International Standard Book Number 0-8053-0908-x
082 ## - DEWEY DECIMAL CLASSIFICATION NUMBER
Classification number 005.133
Item number SMI_I
100 ## - MAIN ENTRY--PERSONAL NAME
Personal name David n.Smith
245 #0 - TITLE STATEMENT
Title IBM SMALLTALK
260 ## - PUBLICATION, DISTRIBUTION, ETC.
Name of publisher, distributor, etc. Benjamin Cumming
Place of publication, distribution, etc. UK
Date of publication, distribution, etc. 1995
300 ## - PHYSICAL DESCRIPTION
Extent 555
546 ## - LANGUAGE NOTE
Language note Eng.
650 ## - SUBJECT ADDED ENTRY--TOPICAL TERM
Topical term or geographic name entry element Computer
Form subdivision Variables
942 ## - ADDED ENTRY ELEMENTS (KOHA)
Koha item type BOOK
Holdings
Withdrawn status Lost status Source of classification or shelving scheme Damaged status Not for loan Home library Current library Date acquired Total Checkouts Full call number Barcode Date last seen Price effective from Koha item type
    Dewey Decimal Classification     Superior Information Resource Center (SIRC) Superior University- Central Library Superior Information Resource Center (SIRC) Superior University- Central Library 03/13/2023   005.133 SMI_I 3123 03/13/2023 03/13/2023 BOOK

Powered by Koha